Penn v Bristol and West Building Society and others (Record no. 50296)

MARC details
000 -LEADER
fixed length control field 01477cab a2200265 4500
001 - CONTROL NUMBER
control field ABS57382
008 - FIXED-LENGTH DATA ELEMENTS--GENERAL INFORMATION
fixed length control field 090401t1997 xxu||||| |||| 00| 0 eng d
035 ## - SYSTEM CONTROL NUMBER
System control number (Sirsi) u79917
041 ## - LANGUAGE CODE
Language code of text/sound track or separate title eng
245 ## - TITLE STATEMENT
Title Penn v Bristol and West Building Society and others
260 ## - PUBLICATION, DISTRIBUTION, ETC.
Date of publication, distribution, etc. 1997
350 ## - PRICE (NR) (BK AM CF MU VM SE) [OBSOLETE]
Price 0
490 ## - SERIES STATEMENT
Series statement All England Law Reports
Volume/sequential designation [1997] 3 All ER 470-480(11)
520 ## - SUMMARY, ETC.
Summary, etc. CA 16 April 1997. Mr and Mrs P owned a home under a mortgage loan as beneficial tenants. Mr P and a business partner (W) decided to execute a mortage fraud consisting of the purported sale of the house to W. Mrs P was totally ignorant of the action. The defendant solicitor (S) acted on the sale, thinking he was taking instruction from both Mr and Mrs P, and holding himself out as doing so to the solicitor acting for W and the lender (B). B advanced money to W, executing a charge over the house in their favour. Mrs P discovered what had happened and commenced proceedings against B, Mr P, W and S. The court found B`s charge over the house null and void, awarding damages against S. On B`s counterclaim S was ordered to pay B`s costs. Appeal by S dismissed.
650 ## - SUBJECT ADDED ENTRY--TOPICAL TERM
Topical term or geographic name entry element CONVEYANCING
650 ## - SUBJECT ADDED ENTRY--TOPICAL TERM
Topical term or geographic name entry element JOINT OWNERS
650 ## - SUBJECT ADDED ENTRY--TOPICAL TERM
Topical term or geographic name entry element MORTGAGE FRAUD
650 ## - SUBJECT ADDED ENTRY--TOPICAL TERM
Topical term or geographic name entry element PENN V BRISTOL & WEST BUILDING SOCIETY AND OTHERS
650 ## - SUBJECT ADDED ENTRY--TOPICAL TERM
Topical term or geographic name entry element SOLICITORS
650 ## - SUBJECT ADDED ENTRY--TOPICAL TERM
Topical term or geographic name entry element VENDOR AND PURCHASER
650 ## - SUBJECT ADDED ENTRY--TOPICAL TERM
Topical term or geographic name entry element WARRANTIES
690 ## - LOCAL SUBJECT ADDED ENTRY--TOPICAL TERM (OCLC, RLIN)
Topical term or geographic name as entry element PROPERTY LAW AND PRACTICE-CASE LAW
942 ## - ADDED ENTRY ELEMENTS (KOHA)
Suppress in OPAC 0
948 ## - LOCAL PROCESSING INFORMATION (OCLC); SERIES PART DESIGNATOR (RLIN)
c (OCLC) 25/07/1997
Holdings
Withdrawn status Lost status Source of classification or shelving scheme Damaged status Not for loan Home library Current library Shelving location Date acquired Total Checkouts Full call number Barcode Date last seen Copy number Price effective from Koha item type
    Dewey Decimal Classification     London London Journal article 14/09/1999   ABS57382 79917-1001 06/08/2019 1 06/08/2019 Law report